British Territories-Sudden Death - Statistics

General Stats
  • This quiz has been taken 52 times
  • The average score is 8 of 17
Answers on the Grid
Answers color-coded by a green-red scale on the quiz's grid according to % correct below.
Anguilla
Bermuda
Cayman Islands
Falkland Islands
South Georgia
Gibraltar
Montserrat
Pitcairn Islands
Saint Helena
Ascension
Tristan da Cunha
South Sandwich Islands
Akrotiri
Dhekelia
Jersey
Guernsey
Turks and Caicos Islands
Trinidad
Tobago
Bahamas
Heard and McDonald Islands
Grande Terre
Jamaica
Palau
Hong Kong
Lakshadweep
Socotra
Antigua
Saint Kitts
Saint Pierre and Miquelon
Malta
Menorca
 
Answer Stats
Answer % Correct
Falkland Islands
79%
Guernsey
79%
Jersey
68%
Turks and Caicos Islands
68%
Cayman Islands
63%
Gibraltar
63%
Pitcairn Islands
58%
South Sandwich Islands
53%
Anguilla
47%
South Georgia
47%
Bermuda
42%
Saint Helena
42%
Tristan da Cunha
42%
Ascension
32%
Montserrat
26%
Akrotiri
21%
Dhekelia
16%
No matching quizzes found
Score Distribution
Percent of People with Each Score
Percentile by Number Answered
Your Score History
You have not taken this quiz